00778cam a2200217 b 4500003000500000005001700005008004100022020001800063040001900081082001500100100003000115245011800145246003900263250001200302260004600314300004400360504005400404650002600458650005300484700002300537322820231108140736.02023 s2023 caua b 000 0 eng  a9780534561888 ardac3228beng00a179.1 VAND1 aVanDeVeer, Donald,d1939-14aThe environmental ethics and policy book :bphilosophy, ecology, economics /cDonald VanDeVeer, Christine Pierce.14aEnvironmental ethics & policy book a3rd ed. aBelmont, CA :bThomson/Wadsworth,cc2003. axxx, 674 pages:billustration ;c24 cm. aIncludes bibliographical references (p. 659-674). 0aEnvironmental ethics. 0aEnvironmental policyxMoral and ethical aspects.1 aPierce, Christine.